00615nam a2200169 a 450000500170000000800410001702000180005805000180007610000200009424501170011426000400023130000330027144000310030452000700033565000180040565000220042320140412111421.0080103s19uu xx 00 eng d a0-439-69246-6 aERbPu96 2004 aRylant, Cynthia aPuppy Mudge loves his blanket /cby Cynthia Rylant; illustrated by Isidre Mones in the style of Sucie Stevenson. aNew York :bScholastic Inc,cc2004. a1 v. unp. : col. ill. ; 24cm aReady to read. Pre level 1 aPuppy Mudge likes his blanket, but he loves snuggling with Henry. aDogsxFiction aBlanketsxFiction